| 000 | 00350cam a2200145ua 4500 | ||
|---|---|---|---|
| 003 | OSt | ||
| 008 | 250104b |||||||| |||| 00| 0 eng d | ||
| 041 | _aeng | ||
| 082 |
_a621.381 _bMIT/AP |
||
| 100 |
_aMithal, G k . _96766 |
||
| 245 | _aApplied electronics / | ||
| 260 |
_aDelhi : _bKhanna publishers , _c1968. |
||
| 300 | _a1035 ; . | ||
| 942 | _cBK | ||
| 999 |
_c10646 _d10646 |
||